[Event "NED-ch U14 op"]
[Site "Borne"]
[Date "2019.08.05"]
[Round "1"]
[White "Neisingh, Nils"]
[Black "De Putter, Sven"]
[Result "0-1"]
[WhiteElo "1710"]
[BlackElo "1319"]
[PlyCount "76"]
[EventDate "2019.08.05"]
[EventType "swiss"]
[EventRounds "9"]
[EventCountry "NED"]
[SourceTitle "EXT 2020"]
[Source "ChessBase"]
[SourceDate "2019.10.17"]
[SourceVersion "1"]
[SourceVersionDate "2019.10.17"]
[SourceQuality "1"]

1. e4 e5 2. Nf3 Nc6 3. Bb5 a6 4. Ba4 b5 5. Bb3 Nf6 6. 0-0 d5 7. exd5 Nxd5 8. Re1 Be6 9. Nxe5 Nxe5 10. Rxe5 Be7 11. Qf3 c6 12. Nc3 Bf6 13. Re1 0-0 14. Ne4 Re8 15. Nxf6+ Qxf6 16. Qxf6 Nxf6 17. Bxe6 Rxe6 18. Rxe6 fxe6 19. d4 Rd8 20. c3 e5 21. Be3 Ng4 22. Bg5 Rd5 23. Be3 e4 24. Re1 g5 25. h3 Nf6 26. b3 h6 27. h4 Kg7 28. hxg5 hxg5 29. Ra1 Nh5 30. a4 Nf4 31. Bxf4 gxf4 32. axb5 axb5 33. Re1 b4 34. Rxe4 bxc3 35. Re6 c5 36. Kf1 c2 37. Re1 Rxd4 38. f3 Rd1 0-1